Islands on a Map (A-Z) Quiz Stats

 Plays Quiz Updated Sep 11, 2015

Also try: Island Countries
Challenge
Share
Tweet
Score 0/25 Timer 05:00
5 Plays Today
% Correct
Greenland
95%
Madagascar
92.4%
Ireland
92.2%
Jamaica
89.6%
Tasmania
81.2%
Dominica
80.1%
Vancouver Island
73%
Borneo
72.5%
Easter Island
71.9%
Corsica
70.7%
New Guinea
69%
Prince Edward Island
62.1%
Aruba
61.8%
% Correct
Oahu
61.3%
Sumatra
54.9%
Zanzibar
54.5%
Hispaniola
53.1%
Kyushu
40.8%
Luzon
37.8%
RĂ©union
36.1%
Wake Island
24.2%
Futuna
21.1%
Yap
7.3%
Xiamen
6.9%
Usedom
4.8%

You're not logged in!

Compare scores with friends on all Sporcle quizzes.
Join for Free
OR
Log In

You Might Also Like...

Show Comments

Extras

Top Quizzes Today


Score Distribution

Your Account Isn't Verified!

In order to create a playlist on Sporcle, you need to verify the email address you used during registration. Go to your Sporcle Settings to finish the process.

Report this User

Report this user for behavior that violates our Community Guidelines.

Details: